Análisis comparativo de las estructuras de mercado en diversas ramas de la industria costarricense /
Tallennettuna:
| Päätekijä: | |
|---|---|
| Muut tekijät: | |
| Aineistotyyppi: | Teksti |
| Julkaistu: |
s.l.e :
|
| Aiheet: | |
| Tagit: |
Lisää tagi
Ei tageja, Lisää ensimmäinen tagi!
|
MARC
| LEADER | 00000 a a2200000 04500 | ||
|---|---|---|---|
| 001 | 16505 | ||
| 003 | |||
| 040 | |||
| 090 | |a 029400 | ||
| 100 | |a Carcanholo Fogaca, Reinaldo Andrés | ||
| 245 | |a Análisis comparativo de las estructuras de mercado en diversas ramas de la industria costarricense / |c Reinaldo Andrés Carcanholo Fogaca | ||
| 260 | |a s.l.e : | ||
| 300 | |a 17 p. | ||
| 500 | |a Propuesta de investigación | ||
| 650 | |a SECTOR INDUSTRIAL | ||
| 700 | |a Díaz, Alvaro | ||
| 999 | |c 13065 |d 13065 | ||
